000 00576nam a22001817a 4500
999 _c187268
_d187268
005 20220411113610.0
010 _aENG-132255
020 _a9789391317348
_c200.00
035 _aEN-115787
037 _bDBAD/PUB
082 _a133.9
100 _aKapur, Nandini Sinha
245 _aMessages from Heaven: Afterlife Communication/
_cNandini Sinha Kapur
260 _aNoida
_bJitendra Anand Infratech Private Limited
_c2021
270 _bNoida
_a2203, Express Trade Towers-2, Sector-132
_e201304
300 _a81p.
_c22cm(pbk)
942 _2ddc
_cEN
_mKAP
_h133.9